| 000 | 00612nam a2200241Ia 4500 | ||
|---|---|---|---|
| 999 |
_c2433 _d2433 |
||
| 003 | 0100 | ||
| 008 | 130227s9999 xx 000 0 und d | ||
| 040 | _cDAVIDBEACH | ||
| 050 | _aSPC. DT957.H17 1972 | ||
| 100 |
_aHall, Richard Nicklin _929849 |
||
| 245 | 4 |
_aThe Ancient ruins of Rhodesia _bMonomotapae Imperium _cR.N. Hall and W.G. Neal |
|
| 250 | _a2nd edition | ||
| 260 |
_aBulawayo _bBooks of Rhodesia _c1972 |
||
| 300 |
_axlviii, 404p. ; _c 21cm |
||
| 440 |
_aRhodesiana reprint library: Gold series _929850 _n23 |
||
| 650 |
_bMonomotapa _929851 |
||
| 650 |
_bRhodesia, Southern _xAntiquities _929852 |
||
| 700 |
_aNeal, W. G. _929853 |
||
| 942 |
_2lcc _cSPC |
||